000 00578nam a2200181Ia 4500
001 20084
005 20260306172740.0
008 260306t2007||||xx |||||||||||||| ||spa||
041 _aESP
082 _a342.211
_bP35 T. 3 V. 1 L. 2
100 _aPeces-Barba Martinez, Gregorio
_eAUT
245 0 _aHistoria de los derechos fundamentales:
_bsiglo XX, El contexto social, cultural y político de los derechos , los rasgosgenerales de evolución
260 _c2007
300 _axxv, 648 - 1250 páginas
_c24 cm.
650 _aGEN
654 _aCDE
942 _cLIB
_dJUS
_fJUS
_2ddc
_n
999 _c20084
_d20084